Boletn̕ Oficial de Canarias

Detalles Bibliográficos
Autor Corporativo: Canarias. Gobierno
Formato: Seriadas
Lenguaje:español
Publicado: [s.l.] : Gobierno de Canarias, 1980 -
Materias:
Acceso en línea:Acceso restringido

MARC

LEADER 00000nas a22000007a 4500
005 20110913135945.0
008 110913c1980 sp dr| |sll||a00| b1spa d
035 |a 124 
040 |a vLex 
090 |c 2437  |d 2437 
110 1 |a Canarias.  |b Gobierno 
245 0 0 |a Boletn̕ Oficial de Canarias  |h [Recurso electrn̤ico] 
246 1 |a BOC 
256 |a Servicio en ln̕ea. 
260 |a [s.l.] :  |b Gobierno de Canarias,   |c 1980 - 
300 |a 1 recurso electrn̤ico 
310 |a Diaria 
362 |a Nm︢. 1 (1980) - 
650 0 4 |a Derecho  |x Legislacin̤  |x Publicaciones perid̤icas  |z Espaą  |z Canarias 
740 0 |a vLex Revistas (Servicio en ln̕ea) 
856 4 0 |u http://vlex.com/source/boc-canarias-124/section/04  |z Acceso restringido 
942 |c REV